Cricket: Progression of Leading ODI Run Getters - Statistics

General Stats
  • This quiz has been taken 16 times
  • The average score is 6 of 9
Answer Stats
Year Achieved Country Record Runs Career Runs Answer % Correct
2000 IND 9899 18426 Sachin Tendulkar
100%
1983 WI 2480 6721 Sir Viv Richards
100%
1998 IND 8702 9378 Mohammad Azharuddin
93%
1990 WI 6621 8648 Desmond Haynes
64%
1979 AUS 919 2331 Greg Chappell
64%
1975 ENG 615 859 Dennis Amiss
43%
1972 ENG 168 859 Dennis Amiss
43%
1971 ENG 82 223 John Edrich
43%
1974 ENG 340 757 Keith Fletcher
21%
No matching quizzes found
Score Distribution
Percent of People with Each Score
Percentile by Number Answered
Your Score History
You have not taken this quiz